000 00245nam a2200109Ia 4500
008 220204s9999 xx 000 0 und d
082 _a82-3
_bMAC
100 _aJohn D
245 0 _aDreadful lemon sky
260 _aLondon
_bPan
_c1976
942 _cBK
999 _c33778
_d33778